[Event "Budapest Vezerkepzo Pentecost GM1"]
[Site "Budapest"]
[Date "2023.05.18"]
[Round "1"]
[White "Gaal, Zsoka"]
[Black "Sedlak, Nikola"]
[Result "1/2-1/2"]
[WhiteElo "2308"]
[BlackElo "2435"]
[PlyCount "80"]
[EventDate "2023.05.18"]
[EventType "tourn"]
[EventRounds "9"]
[EventCountry "HUN"]
[EventCategory "6"]
[SourceTitle "CBM 214 Extra"]
[Source "ChessBase"]
[SourceDate "2023.07.31"]
[SourceVersion "1"]
[SourceVersionDate "2023.07.31"]
[SourceQuality "1"]

1. d4 d5 2. c4 e6 3. Nf3 Nf6 4. g3 Bb4+ 5. Bd2 Be7 6. Bg2 0-0 7. 0-0 h6 8. Qc2 c6 9. Bf4 Nbd7 10. Rc1 a5 11. h4 a4 12. Nbd2 a3 13. b3 Nh5 14. e3 Nxf4 15. exf4 c5 16. b4 cxd4 17. c5 Bf6 18. Qd3 Re8 19. Nb3 e5 20. fxe5 Nxe5 21. Nxe5 Rxe5 22. Nxd4 Re4 23. Nc2 Bf5 24. Ne3 Bg6 25. Qxd5 Rxb4 26. Qxd8+ Rxd8 27. Nd5 Bxa1 28. Nxb4 Bb2 29. Rc4 Rd1+ 30. Kh2 Rd4 31. Rxd4 Bxd4 32. c6 bxc6 33. Nxc6 Bf6 34. Bd5 Kf8 35. f4 Ke8 36. Kg2 Kd7 37. Ne5+ Kd6 38. Bxf7 Be4+ 39. Kf2 Bxe5 40. fxe5+ Kxe5 1/2-1/2